000 00349nam a2200133Ia 4500
008 240624s9999 xx 000 0 und d
041 _aeng
082 _a658.3125 WAR
100 _aWARD PETER
245 _a360 DEGREE FEEDBACK A MANAGEMENT TOOL
260 _c2004
_aMumbai
_bJaico Publishing House
300 _axii, : 268 : p. : cm. ; 25
365 _cRS
999 _c787
_d787